<?xml version="1.0" encoding="UTF-8"?>
<record
    xmlns:xsi="http://www.w3.org/2001/XMLSchema-instance"
    xsi:schemaLocation="http://www.loc.gov/MARC21/slim http://www.loc.gov/standards/marcxml/schema/MARC21slim.xsd"
    xmlns="http://www.loc.gov/MARC21/slim">

  <leader>01408nam a2200253 a 4500</leader>
  <controlfield tag="001">ASIN4897375207</controlfield>
  <controlfield tag="003">OSt</controlfield>
  <controlfield tag="005">20180116192417.0</controlfield>
  <controlfield tag="008">130802s2006    xxu                 eng d</controlfield>
  <datafield tag="020" ind1=" " ind2=" ">
    <subfield code="a">4897375207 (hardcover)</subfield>
    <subfield code="c">$55.00</subfield>
  </datafield>
  <datafield tag="020" ind1=" " ind2=" ">
    <subfield code="a">9784897375205 (hardcover)</subfield>
  </datafield>
  <datafield tag="040" ind1=" " ind2=" ">
    <subfield code="c">00</subfield>
  </datafield>
  <datafield tag="082" ind1=" " ind2=" ">
    <subfield code="a">729.28</subfield>
  </datafield>
  <datafield tag="100" ind1="1" ind2=" ">
    <subfield code="a">Associates, Kaoru and Lighting Planners.</subfield>
    <subfield code="9">6885</subfield>
  </datafield>
  <datafield tag="245" ind1="1" ind2="0">
    <subfield code="a">Lighting design :</subfield>
    <subfield code="b">for urban environments and architecture /</subfield>
    <subfield code="c">Kaoru and Lighting Planners Associates.</subfield>
  </datafield>
  <datafield tag="250" ind1=" " ind2=" ">
    <subfield code="a">Bilingual ed.</subfield>
  </datafield>
  <datafield tag="260" ind1=" " ind2=" ">
    <subfield code="a">Tokyo :</subfield>
    <subfield code="b">Azur Corporation,</subfield>
    <subfield code="c">2005.</subfield>
  </datafield>
  <datafield tag="300" ind1=" " ind2=" ">
    <subfield code="a">208 p. ;</subfield>
    <subfield code="c">30 cm.</subfield>
  </datafield>
  <datafield tag="520" ind1=" " ind2=" ">
    <subfield code="a">This book showcases a wide variety of ingenious lighting solutions both functional and purely creative by Lighting Planners Associates Inc. It features a huge range of projects, including office buildings, pedestrian zones, memorials, retail outlets, hospitals, arts centres, museums, and religious buildings. Lighting Planners Associates Inc., formed in 1990, is a group of lighting specialists established with the purpose of producing superior lighting environments, thus contributing to the culture of architecture and lighting.</subfield>
  </datafield>
  <datafield tag="650" ind1=" " ind2=" ">
    <subfield code="a">Lighting, Architectural and decorativ</subfield>
    <subfield code="z">Japan</subfield>
    <subfield code="9">6886</subfield>
  </datafield>
  <datafield tag="856" ind1="4" ind2="0">
    <subfield code="3">Amazon.com</subfield>
    <subfield code="u">http://www.amazon.com/exec/obidos/ASIN/4897375207/chopaconline-20</subfield>
  </datafield>
  <datafield tag="942" ind1=" " ind2=" ">
    <subfield code="2">ddc</subfield>
    <subfield code="c">BK</subfield>
  </datafield>
  <datafield tag="999" ind1=" " ind2=" ">
    <subfield code="c">353779</subfield>
    <subfield code="d">353779</subfield>
  </datafield>
  <datafield tag="952" ind1=" " ind2=" ">
    <subfield code="0">0</subfield>
    <subfield code="1">0</subfield>
    <subfield code="2">ddc</subfield>
    <subfield code="4">0</subfield>
    <subfield code="7">0</subfield>
    <subfield code="a">SADA</subfield>
    <subfield code="b">SADA</subfield>
    <subfield code="d">2013-06-20</subfield>
    <subfield code="l">4</subfield>
    <subfield code="m">1</subfield>
    <subfield code="o">729.28 ASS 2005</subfield>
    <subfield code="p">SADA0002071</subfield>
    <subfield code="r">2015-10-15</subfield>
    <subfield code="s">2015-09-11</subfield>
    <subfield code="v">4852.22</subfield>
    <subfield code="w">2013-08-02</subfield>
    <subfield code="y">BK</subfield>
  </datafield>
</record>
